| 000 | 00519nam a22001697a 4500 | ||
|---|---|---|---|
| 005 | 20251108173529.0 | ||
| 008 | 250721s2007 xx 000 0 ara d | ||
| 082 | 1 | 4 | _aق/ عين |
| 100 | 1 |
_aعيد، حسين _eTran. |
|
| 245 | 1 | 0 | _aعينا الفهد : قصص من أمريكا اللاتينية / |
| 264 | 1 |
_aعمان : _bدارأزمنة، _c2007. |
|
| 300 | _a118ص. | ||
| 650 | 1 | 7 | _aالقصص القصيرة |
| 650 | 1 | 7 | _aالأدب الأميركي اللاتيني |
| 942 |
_2ddc _cBK |
||
| 999 |
_c106107 _d106107 |
||